| 000 | 01510nam a2200337 a 4500 | ||
|---|---|---|---|
| 001 | ebr10286200 | ||
| 003 | CaPaEBR | ||
| 006 | m u | ||
| 007 | cr cn||||||||| | ||
| 008 | 091002s2009 dcua sb 100 0 eng d | ||
| 020 | _z9780309127585 | ||
| 020 | _z0309127580 | ||
| 040 |
_aCaPaEBR _cCaPaEBR |
||
| 035 | _a(OCoLC)316065297 | ||
| 043 | _an-us--- | ||
| 050 | 1 | 4 |
_aRC971 _b.S97 2009eb |
| 245 | 0 | 0 |
_aSystems engineering to improve traumatic brain injury care in the military health system _h[electronic resource] : _bworkshop summary / _cDavid Butler ... [et al.], editors ; National Academy of Engineering and Institute of Medicine of the National Academies. |
| 260 |
_aWashington, D.C. : _bNational Academies Press, _c2009. |
||
| 300 |
_axix, 174 p. : _bill. |
||
| 504 | _aIncludes bibliographical references. | ||
| 533 |
_aElectronic reproduction. _bPalo Alto, Calif. : _cebrary, _d2013. _nAvailable via World Wide Web. _nAccess may be limited to ebrary affiliated libraries. |
||
| 650 | 0 |
_aMedicine, Military _zUnited States _vCongresses. |
|
| 650 | 0 |
_aBrain _xWounds and injuries _xTreatment _vCongresses. |
|
| 650 | 0 |
_aSystems engineering _vCongresses. |
|
| 655 | 7 |
_aElectronic books. _2local |
|
| 700 | 1 |
_aButler, David _q(David Alan) |
|
| 710 | 2 | _aInstitute of Medicine (U.S.) | |
| 710 | 2 | _aNational Academy of Engineering. | |
| 710 | 2 | _aebrary, Inc. | |
| 856 | 4 | 0 |
_uhttp://site.ebrary.com/lib/rucke/Doc?id=10286200 _zAn electronic book accessible through the World Wide Web; click to view |
| 999 |
_c2089 _d2089 |
||